000 00382cam a22001457a 4500
008 180718b1956 xxu||||| |||| 00| 0 eng d
082 _aA6x495 F774
100 _aForster, E.S.
245 _aA Short history of modern Greece, 1821-1956
_cby E.S. Forster
250 _a3rd ed.
260 _aLondon
_bMethuen
_c1956
300 _a268p.
500 _a18/-
650 _aGreece - History
999 _c365668
_d365668